00635nam a22001817a 4500003001100000005001700011008004100028040003900069041000800108082001800116100006700134245010700201246005100308260002800359300001000387650002300397650003300420LK-CoMWRAF20240503090931.0240330b2003 |||||||| |||| 00| 0 eng d aLK-CoMWRAFdLK-CoMWRAFeLK-CoMWRAF atam a894.8113bPEC aபேச்சியப்பன், அ. vPechchiyappan, A. aசிந்திக்கத் தூண்டும் சிலேடைக் கதைகள் aCintikkat tūṇṭum cilēṭaik kataikaḷ aChennai:bSankar,c2003 a96 p. aCHILDREN'S FICTION aTamil fiction- Short stories